000 00693nam a2200229Ia 4500
005 20250108125023.0
008 008 250107s9999 xx 000 0 eng d
020 _a978-93-90065-18-9
037 _aTB
040 _aCRL
_beng
_cCRL
041 _aeng
_2eng
084 _aO1593,6NNA:g 152R0
084 _qCRL
100 _aDutta Priyadarshi Au.
_9730280
245 0 _aLeap of faith: journey of Indian elections
_cDutta Priyadarshi Au.
260 _aNew Delhi, India
_bElection Commission of Inidia
_c3039
300 _axi,253p.
365 _aINR
_b450
650 _aELECTIONSINDIA - HISTORY
_9730281
942 _cTB
_hO1593,6NNA:g 152R0
999 _c1235427
_d1235427